History Quiz

Random History or Famous Quiz

Who Am I? Famous People II Quiz Stats

 Plays Quiz Updated Feb 26, 2019

Score 0/18 Timer 05:00
3 Plays Today
% Correct
J.K. Rowling
Harry Potter Series
95.3%
Elvis Presley
King Of Rock & Roll
93.5%
Anne Frank
'Diary Of Anne Frank'
93.4%
Michael Jackson
King Of Pop
92.3%
Twiggy
English Model
87.4%
Edgar Allan Poe
'The Raven'
81.2%
Franklin D. Roosevelt
President 1933 - 1945
79.5%
Clara Barton
Red Cross Founder
79.2%
Harry Houdini
Escape Artist
75.4%
% Correct
Theodore Roosevelt
Conservationist
73.7%
Frida Kahlo
Mexican Artist
70.8%
Pablo Picasso
Cubist Co-Founder
70.8%
Ernest Hemingway
'Farewell To Arms'
66.2%
John Steinbeck
'Grapes Of Wrath'
64.7%
William McKinley
Assassinated 1901
63.3%
Claude Monet
Impressionist Founder
56.7%
Alexander Graham Bell
Telephone Patent
56.5%
Georgia O'Keeffe
American Artist
54.6%

You're not logged in!

Compare scores with friends on all Sporcle quizzes.
OR
Log In

Sporcle TV

Today on Sporcle TV


Watch our educational content, quiz creation guides, and fun videos on Sporcle TV.

Show Comments

Extras

Top Quizzes Today


Score Distribution

Your Account Isn't Verified!

In order to create a playlist on Sporcle, you need to verify the email address you used during registration. Go to your Sporcle Settings to finish the process.

Report this User

Report this user for behavior that violates our Community Guidelines.

Details: